000 00782nam a22002177a 4500
008 161010b xxu||||| |||| 00| 0 eng d
020 _a0131470256
050 _aHD 57.7 L4187 2004
100 _aZigarmi, Drea
245 _aThe Leader Within:
_blearning enough about yourself to lead others/
_cDrea Zigarme, Ken Blanchard, Michael O'Connor, and Carl Edeburn
260 _aUpper Saddle River, New Jersey:
_bPearson,
_c2004
300 _axxi,264p. :
_bill. ;
500 _aIncludes bibliographical references and index.
650 _aLeadership
650 _aSelf-perception
650 _aSelf-actualization (Psychology)
700 _aBlanchard, Ken
700 _aO'Connor, Michael
700 _aEdeburn, Carl
942 _2lcc
_cBOOKS
_hHD 57.7 L4187 2004
999 _c14885
_d14885